Theory of Machines (Record no. 12021)

MARC details
000 -LEADER
fixed length control field 00418nam a22001817a 4500
003 - CONTROL NUMBER IDENTIFIER
control field OSt
008 - FIXED-LENGTH DATA ELEMENTS--GENERAL INFORMATION
fixed length control field 230511b |||||||| |||| 00| 0 eng d
020 ## - INTERNATIONAL STANDARD BOOK NUMBER
International Standard Book Number 9788121925242
082 ## - DEWEY DECIMAL CLASSIFICATION NUMBER
Classification number 621.811 KHT
100 ## - MAIN ENTRY--PERSONAL NAME
Personal name KHURMI,RS
245 ## - TITLE STATEMENT
Title Theory of Machines
250 ## - EDITION STATEMENT
Edition statement 1st Ed Reprint
260 ## - PUBLICATION, DISTRIBUTION, ETC. (IMPRINT)
Place of publication, distribution, etc New Delhi
Name of publisher, distributor, etc S.Chand
Date of publication, distribution, etc 2013
300 ## - PHYSICAL DESCRIPTION
Extent 1071
650 ## - SUBJECT ADDED ENTRY--TOPICAL TERM
Topical term or geographic name as entry element Decentralization
700 ## - ADDED ENTRY--PERSONAL NAME
Personal name GUPTA,JK
942 ## - ADDED ENTRY ELEMENTS (KOHA)
Source of classification or shelving scheme Dewey Decimal Classification
Koha item type Text Books
Holdings
Withdrawn status Lost status Source of classification or shelving scheme Damaged status Not for loan Collection code Home library Current library Date acquired Source of acquisition Currency Cost, normal purchase price Bill Number Total Checkouts Full call number Acc. no. / Barcode Date last seen Date last borrowed Actual Cost, discounted price Bill Date Koha item type Public note
    Dewey Decimal Classification     B.Tech(ME) PIET C-LIBRARY PIET C-LIBRARY 15/04/2023 Mittle Book Depot IN RUPEES 750.00 898 4 621.8 KHT 34986 08/10/2025 24/09/2025 637.50 15/04/2023 Text Books Decentralization

Design & Developed by: PIET Central Library
R70 Miles Stone Pattikalyana Samalkha Panipat 132102
mail ID :- [email protected], Phone No:- 0180-2569700 Ex.216